000 00860cas a22002417a 4500
005 20220329142114.0
008 990629d uy zn p rnn 0 uub1spa d
010 _a78502
011 _a79474
035 _a89706
245 0 0 _aBoletín de la Estación Experimental de Paysandu
_c/por Universidad de la República. Facultad de Agronomía
260 0 _aUruguay :
_bUniversidad de la República. Facultad de Agronomía,
310 _aCuatrimestral
362 1 _av.3 n.12, 1966
500 _aSe dejó de recibir con el v.3 n.12, 1966
590 _aBATCH-UPD
_b10
_c20130110
_lUCH01
_h2354
590 _aBATCH-UPD
_b10
_c20130410
_lUCH01
_h1640
590 _aCONVERSION
_b10
_c20130109
_lUCH01
_h1343
650 1 4 _aAgricultura
_xUruguay
_xPublicaciones periodicas.
_91895
866 _av.3 n.10-12 (1966)
901 _aSE
905 _aMa. del Socorro Iturbe C.
999 _c78502
_d78502